El surgimiento de la antropología posmoderna
Guardado en:
| Autores principales: | , |
|---|---|
| Formato: | Libro |
| Lenguaje: | español |
| Publicado: |
Barcelona
Gedisa
1992
|
| Colección: | Colección Antropología
|
| Materias: | |
| Etiquetas: |
Agregar Etiqueta
Sin Etiquetas, Sea el primero en etiquetar este registro!
|
MARC
| LEADER | 00000nam a2200000 a 4500 | ||
|---|---|---|---|
| 001 | UCX9378 | ||
| 003 | CL-VaPUC | ||
| 008 | 940601e19920000SP |||||||||||||||||spa|d | ||
| 082 | 0 | 4 | |a 301 |b GEE |2 21 |
| 100 | |a Geertz, Clifford |e author |9 524021 | ||
| 700 | 0 | |a Reynoso, Carlos |e author |9 326768 | |
| 245 | 1 | 3 | |a El surgimiento de la antropología posmoderna |
| 300 | |a 334 p | ||
| 942 | |c BK | ||
| 945 | |d 19940601 00:00:00 |a rbrito | ||
| 260 | |a Barcelona |b Gedisa |c 1992 | ||
| 650 | 0 | |a Antropología |9 233030 | |
| 583 | |a last modification |c 19940601 00:00:00 |k Rodrigo Vera | ||
| 490 | 0 | |a Colección Antropología | |
| 999 | |c 228636 |d 228634 | ||
| 952 | |0 0 |1 0 |4 0 |6 301_000000000000000_GEE_1992 |7 0 |8 A |9 228924 |a BIBEDU |b BIBEDU |d 2019-11-15 |i 314013K |o 301 GEE 1992 |p 314013K |r 2019-11-15 |w 2019-11-15 |y BK |k EDU | ||
| 952 | |0 0 |1 0 |4 0 |6 301_000000000000000_GEE_1992 |7 0 |8 A |9 228925 |a BIBCUR |b BIBCUR |d 2019-11-15 |i 3503704 |o 301 GEE 1992 |p 3503704 |r 2025-04-22 |w 2019-11-15 |y BK |k PER | ||